Analytic geometry / (Record no. 26561)
[ view plain ]
| 000 -LEADER | |
|---|---|
| fixed length control field | 01131nam a2200301 4500 |
| 003 - CONTROL NUMBER IDENTIFIER | |
| control field | CSPC |
| 005 - DATE AND TIME OF LATEST TRANSACTION | |
| control field | 20231117120017.0 |
| 008 - FIXED-LENGTH DATA ELEMENTS--GENERAL INFORMATION | |
| fixed length control field | 231117s2013 ph a b 001 0 eng |
| 020 ## - INTERNATIONAL STANDARD BOOK NUMBER | |
| International Standard Book Number | 9789719800866 |
| 050 ## - LIBRARY OF CONGRESS CALL NUMBER | |
| Classification number | QA551 |
| Item number | .D34 |
| 082 ## - DEWEY DECIMAL CLASSIFICATION NUMBER | |
| Classification number | 516.3 |
| Item number | D370a |
| 100 1# - MAIN ENTRY--PERSONAL NAME | |
| Personal name | De La Cruz, Perla S., |
| Relator term | author. |
| 245 ## - TITLE STATEMENT | |
| Title | Analytic geometry / |
| Statement of responsibility, etc. | Perla S. De La Cruz. |
| 250 ## - EDITION STATEMENT | |
| Edition statement | Revised |
| Remainder of edition statement | Edition |
| 264 ## - PRODUCTION, PUBLICATION, DISTRIBUTION, MANUFACTURE, AND COPYRIGHT NOTICE | |
| Place of production, publication, distribution, manufacture | Quezon City : |
| Name of producer, publisher, distributor, manufacturer | C & E Publishing, Inc., |
| Date of production, publication, distribution, manufacture, or copyright notice | 2013. |
| 300 ## - PHYSICAL DESCRIPTION | |
| Extent | ix, 400 pages : |
| Other physical details | Figures ; |
| Dimensions | 25 cm. |
| 336 ## - CONTENT TYPE | |
| Source | rdacontent |
| Content type term | text |
| Content type code | txt |
| 337 ## - MEDIA TYPE | |
| Source | rdamedia |
| Media type term | unmediated |
| Media type code | n |
| 338 ## - CARRIER TYPE | |
| Source | rdacarrier |
| Carrier type term | volume |
| Carrier type code | nc |
| 504 ## - BIBLIOGRAPHY, ETC. NOTE | |
| Bibliography, etc. note | Includes bibliographical references and index. |
| 505 ## - FORMATTED CONTENTS NOTE | |
| Formatted contents note | Preliminary concepts -- Lines -- Circles -- Conic Sections -- Simplification of equations -- Algebraic curves -- The polar coordinate system. |
| 650 ## - SUBJECT ADDED ENTRY--TOPICAL TERM | |
| Topical term or geographic name entry element | Geometry |
| 650 ## - SUBJECT ADDED ENTRY--TOPICAL TERM | |
| Topical term or geographic name entry element | Analytic |
| 700 1# - ADDED ENTRY--PERSONAL NAME | |
| Personal name | Maderal Lea D., |
| Relator term | author. |
| 700 1# - ADDED ENTRY--PERSONAL NAME | |
| Personal name | Valdez, Ma. Theresa Christine C., |
| Relator term | author. |
| 942 ## - ADDED ENTRY ELEMENTS (KOHA) | |
| Source of classification or shelving scheme | Dewey Decimal Classification |
| Suppress in OPAC | No |
| Koha item type | Books |
| Classification part | 516.3 D370a |
| Call number prefix | FIL |
| Call number suffix | 2013 |
| Withdrawn status | Lost status | Source of classification or shelving scheme | Damaged status | Not for loan | Home library | Current library | Shelving location | Date acquired | Total Checkouts | Full call number | Barcode | Date last seen | Copy number | Price effective from | Koha item type |
|---|---|---|---|---|---|---|---|---|---|---|---|---|---|---|---|
| Dewey Decimal Classification | Buhi Campus | Buhi Campus | Filipiniana Section | 11/17/2023 | FIL 516.3 D370a 2013 | 000842-BUH | 11/17/2023 | 1-4 | 11/17/2023 | Books | |||||
| Dewey Decimal Classification | Buhi Campus | Buhi Campus | Filipiniana Section | 11/17/2023 | FIL 516.3 D370a 2013 | 000843-BUH | 11/17/2023 | 2-4 | 11/17/2023 | Books | |||||
| Dewey Decimal Classification | Buhi Campus | Buhi Campus | Filipiniana Section | 11/17/2023 | FIL 516.3 D370a 2013 | 000844-BUH | 11/17/2023 | 3-4 | 11/17/2023 | Books | |||||
| Dewey Decimal Classification | Buhi Campus | Buhi Campus | Filipiniana Section | 11/17/2023 | FIL 516.3 D370a 2013 | 000845-BUH | 11/17/2023 | 4-4 | 11/17/2023 | Books |